书目信息 |
| 题名: |
社会创新的力量
|
|
| 作者: | 戈德史密斯 著 ;王栋栋 , 沈丹琳 , 洪漫 译 | |
| 分册: | ||
| 出版信息: | 北京 新华出版社 2013 |
|
| 页数: | 18,245页 | |
| 开本: | 23cm | |
| 丛书名: | 新华社会管理译丛 | |
| 单 册: | ||
| 中图分类: | D771.23 | |
| 科图分类: | ||
| 主题词: | 社会管理--创新管理--研究--美国 , 社会管理 , 创新管理 | |
| 电子资源: | ||
| ISBN: | 978-7-5166-0292-8 | |
| 000 | 01651nam0 2200349 450 | |
| 001 | 519 | |
| 005 | 20140905101310.14 | |
| 010 | @a978-7-5166-0292-8@dCNY39.00 | |
| 100 | @a20130807d2013 em y0chiy50 ea | |
| 101 | 1 | @achi@ceng |
| 102 | @aCN@b110000 | |
| 105 | @ay z 000yy | |
| 106 | @ar | |
| 200 | 1 | @a社会创新的力量@AShe Hui Chuang Xin De Li Liang@e美国社会管理创新启示录@EMei Guo She Hui Guan Li Chuang Xin Qi Shi Lu@dPower of social innovation@ehow civic entrepreneurs ignite community networks for good@f(美)史蒂芬·戈德史密斯著@F( Mei ) Shi Di Fen· Ge De Shi Mi Si Zhu@g王栋栋,沈丹琳,洪漫译 |
| 210 | @a北京@c新华出版社@d2013 | |
| 215 | @a18,245页@d23cm | |
| 225 | 2 | @a新华社会管理译丛 |
| 312 | @a封面英文题名:The power of social innovation: how civic entrepreneurs ignite community networks for good | |
| 330 | @a本书描述和分析了众多成功案例,以说明政府官员、公益企业家、慈善家、公民个人如何能够为公共社会问题提供创新的解决方案、充分利用丰富的社会资源、积极面对风险和回报、协调政府和公益企业的微妙关系等等。 | |
| 461 | 0 | @12001 @a新华社会管理译丛 |
| 510 | 1 | @aPower of social innovation@ehow civic entrepreneurs ignite community networks for good@zeng |
| 517 | 1 | @a美国社会管理创新启示录@AMei Guo She Hui Guan Li Chuang Xin Qi Shi Lu |
| 606 | 0 | @a社会管理@x创新管理@x研究@y美国 |
| 606 | 0 | @a社会管理 |
| 606 | 0 | @a创新管理 |
| 690 | @aD771.23@v5 | |
| 701 | 0 | @c(美)@a戈德史密斯@AGe De Shi Mi Si@c(Goldsmith, Stephen)@4著 |
| 702 | 0 | @a王栋栋@AWang Dong Dong@4译 |
| 702 | 0 | @a沈丹琳@AShen Dan Lin@4译 |
| 702 | 0 | @a洪漫@AHong Man@4译 |
| 801 | 0 | @aCN@bTANGWEI@c20140603 |
| 905 | @b0838084-86@dD771.23@e372@f3 | |
| 社会创新的力量:美国社会管理创新启示录=Power of social innovation:how civic entrepreneurs ignite community networks for good/(美)史蒂芬·戈德史密斯著/王栋栋,沈丹琳,洪漫译.-北京:新华出版社,2013 |
| 18,245页;23cm.-(新华社会管理译丛) |
| ISBN 978-7-5166-0292-8:CNY39.00 |
| 本书描述和分析了众多成功案例,以说明政府官员、公益企业家、慈善家、公民个人如何能够为公共社会问题提供创新的解决方案、充分利用丰富的社会资源、积极面对风险和回报、协调政府和公益企业的微妙关系等等。 |
| ● |
| 相关链接 |
|
|
|
|
正题名:社会创新的力量
索取号:D771.23/372
 
预约/预借
| 序号 | 登录号 | 条形码 | 馆藏地/架位号 | 状态 | 备注 |
| 1 | 0838084 | 208380848 | 第一样本阅览室/ [索取号:D771.23/372] | 在馆 | |
| 2 | 0838085 | 208380857 | 第一借阅区/ [索取号:D771.23/372] | 在馆 | |
| 3 | 0838086 | 208380866 | 密集书库-史法系/ [索取号:D771.23/372] | 在馆 |